| 000 | 00672nam a22001457a 4500 | ||
|---|---|---|---|
| 999 |
_c80435 _d80435 |
||
| 008 | 201218b ||||| |||| 00| 0 eng d | ||
| 245 |
_aGeschichte des Handwerks in Brandenburg _bFotografie von 1890 bis 2000 _cHerausgeber: Kurt Tucholsky Literaturmuseum Schloß Rheinsberg |
||
| 260 |
_aRheinsberg _bKurt Tucholsky Literaturmuseum Schloß Rheinsberg (Hrsg.) _c[2016] |
||
| 300 |
_a64 Seiten _büberw. Ill. |
||
| 500 | _aEin Projekt im Rahmen des Themenjahres Kulturland Brandenburg 2016 "handwerk - zwischen gestern & übermorgen". | ||
| 500 | _aFotografen sind in den meisten Fällen nicht bekannt. | ||
| 500 | _aBildband | ||
| 942 |
_2z _cB |
||